| Registos Bibliográficos associados ao registo de autoridade |
|
Etiqueta de registo: 00000nkm 2200025 450 001 2265589 003 http://id.bnportugal.gov.pt/bib/catbnp/2265589 100 ## $a20260211d1981 m y0pory01030103ba 101 0# $apor 102 ## $aPT 200 1# $a1º Encontro Ibérco das Escolas Superiores e Faculdades de Belas Artes$bVisual gráfico]$f2ª Secção da Escola Superior de Belas Artes do Porto$gAmândio Silva 210 #9 $aPorto$c2ª Secção da Escola Superior de Belas Artes do Porto,$d1981$ePorto :$gINOVA - Artes Gráficas ) 215 ## $a1 cartaz$ccolor.$d32x64 cm 317 ## $aColeção Madeira Luís 675 ## $a766(=1:469)"198"(084.5)$vBN$zpor$31656743 702 #1 $aSilva,$bAmândio,$f1923-2000$4410$31323889 710 02 $aEncontro Ibérco das Escolas Superiores e Faculdades de Belas Artes,$d1,$f1981$31993158 712 02 $a2ª Secção da Escola Superior de Belas Artes do Porto $31985047 801 #0 $aPT$bBN$gRPC 966 ## $lBN$mICONOG$sCT. 21734 A.$x3 971 ## $cCaticonografia9$d20260211 995 ## $aPRR2026 $d20260211$iCaticonografia9
|
|
|